<?xml version="1.0" encoding="UTF-8"?>
<collection xmlns="http://www.loc.gov/MARC21/slim">
 <record>
  <leader>00972pamaa2200265   4500</leader>
  <controlfield tag="001">0000047645</controlfield>
  <controlfield tag="005">20130815090000.0</controlfield>
  <controlfield tag="008">100816                             eng  </controlfield>
  <datafield tag="020" ind1="0" ind2="0">
   <subfield code="a">9787810106535 (pbk.) </subfield>
  </datafield>
  <datafield tag="090" ind1="0" ind2="0">
   <subfield code="a">RJ47 </subfield>
   <subfield code="b">PED 2002</subfield>
  </datafield>
  <datafield tag="240" ind1="0" ind2="0">
   <subfield code="a">Zhong Yi Er Ke Xue</subfield>
  </datafield>
  <datafield tag="245" ind1="1" ind2="0">
   <subfield code="a">Pediatrics of Traditional Chinese Medicine = </subfield>
   <subfield code="l">Zhong Yi Er Ke Xue  </subfield>
   <subfield code="c">Compiler in Chief Wang Shouchuan; </subfield>
   <subfield code="f">Translator in chief Li Yong'an, Guo Xiaomin.</subfield>
  </datafield>
  <datafield tag="250" ind1="0" ind2="0">
   <subfield code="a">1st ed.</subfield>
  </datafield>
  <datafield tag="260" ind1="0" ind2="0">
   <subfield code="a">Shanghai, China: </subfield>
   <subfield code="b">Publishing House of Shanghai University of Traditional Chinese Medicine, </subfield>
   <subfield code="c">2002.</subfield>
  </datafield>
  <datafield tag="300" ind1=" " ind2=" ">
   <subfield code="a">33p: </subfield>
   <subfield code="b">ill.; </subfield>
   <subfield code="c">26 cm.</subfield>
  </datafield>
  <datafield tag="500" ind1="0" ind2="0">
   <subfield code="a">In Chinese - English</subfield>
  </datafield>
  <datafield tag="500" ind1="0" ind2="0">
   <subfield code="a">A newly compiled practical English-Chinese library of traditional Chinese medicine</subfield>
  </datafield>
  <datafield tag="501" ind1="0" ind2="0">
   <subfield code="a">FMHS</subfield>
  </datafield>
  <datafield tag="650" ind1="0" ind2="0">
   <subfield code="a">Children -- </subfield>
   <subfield code="x">Health and hygiene </subfield>
  </datafield>
  <datafield tag="650" ind1="0" ind2="0">
   <subfield code="a">Medicine, Chinese </subfield>
  </datafield>
  <datafield tag="650" ind1="0" ind2="0">
   <subfield code="a">Pediatrics </subfield>
  </datafield>
  <datafield tag="700" ind1="1" ind2="1">
   <subfield code="a">Yong'an, </subfield>
   <subfield code="h">Li </subfield>
  </datafield>
  <datafield tag="700" ind1="1" ind2="1">
   <subfield code="a">Xiaomin, </subfield>
   <subfield code="h">Guo </subfield>
  </datafield>
  <datafield tag="700" ind1="1" ind2="1">
   <subfield code="a">Zhaoguo, </subfield>
   <subfield code="h">Li </subfield>
  </datafield>
  <datafield tag="700" ind1="1" ind2="1">
   <subfield code="a">Bai, </subfield>
   <subfield code="h">Bao </subfield>
  </datafield>
 </record>
</collection>
